Court procedural rReforms and child witnesses with intellectual disabilities: evidence laws in Jamaica and Guyana

Legislators in Jamaica and Guyana were among the earliest in the Caribbean to enact procedural reforms to facilitate children and other vulnerable witnesses in court, reducing the risk of retraumatization through court participation and improving the quality of evidence they provide. This paper exam...

Full description

Saved in:  
Bibliographic Details
Main Author: Chambers, Tania (Author)
Format: Print Article
Language:English
Published: 2024
In: The Palgrave handbook of Caribbean criminology
Year: 2024, Pages: 597-617
Check availability: HBZ Gateway
Keywords:

MARC

LEADER 00000naa a2200000 c 4500
001 1931912874
003 DE-627
005 20250728154650.0
007 tu
008 250728s2024 xx ||||| 00| ||eng c
020 |a 9783031523779 
035 |a (DE-627)1931912874 
035 |a (DE-599)KXP1931912874 
040 |a DE-627  |b ger  |c DE-627  |e rda 
041 |a eng 
084 |a 2,1  |2 ssgn 
100 1 |a Chambers, Tania  |e VerfasserIn  |4 aut 
245 1 0 |a Court procedural rReforms and child witnesses with intellectual disabilities: evidence laws in Jamaica and Guyana  |c Tania Chambers 
264 1 |c 2024 
336 |a Text  |b txt  |2 rdacontent 
337 |a ohne Hilfsmittel zu benutzen  |b n  |2 rdamedia 
338 |a Band  |b nc  |2 rdacarrier 
500 |a Literaturverzeichnis: Seite 614-617 
520 |a Legislators in Jamaica and Guyana were among the earliest in the Caribbean to enact procedural reforms to facilitate children and other vulnerable witnesses in court, reducing the risk of retraumatization through court participation and improving the quality of evidence they provide. This paper examines these legislative provisions, discussing their advantages and limitations in facilitating the unique needs, nuanced communication requirements, and enhanced vulnerabilities of children with intellectual disabilities. While these laws are helpful, they treat children as a homogenous group, thereby overlooking the barriers to access that can emerge for different groups. A more holistic approach, involving mental age assessments, the strategic use of intermediaries, and modifications to court language, are essential to making Caribbean courts more equitable spaces. 
650 4 |a Child witnesses 
650 4 |a Court procedural reforms 
650 4 |a special measures 
650 4 |a Witnesses with intellectual disabilities 
773 0 8 |i Enthalten in  |t The Palgrave handbook of Caribbean criminology  |d Cham : Palgrave Macmillan, 2024  |g (2024), Seite 597-617  |h lv, 814 Seiten  |w (DE-627)1918597677  |z 9783031523779  |z 3031523776  |7 nnam 
773 1 8 |g year:2024  |g pages:597-617 
776 1 |o 10.1007/978-3-031-52378-6_33 
951 |a AR 
ELC |b 1 
LOK |0 000 xxxxxcx a22 zn 4500 
LOK |0 001 4750199559 
LOK |0 003 DE-627 
LOK |0 004 1931912874 
LOK |0 005 20250728154650 
LOK |0 008 250728||||||||||||||||ger||||||| 
LOK |0 040   |a DE-2619  |c DE-627  |d DE-2619 
LOK |0 092   |o n 
LOK |0 852   |a DE-2619 
LOK |0 852 1  |9 00 
LOK |0 939   |a 28-07-25  |b l01 
ORI |a SA-MARC-krimdoka001.raw